[Event "Montreal Mercredi 11"]
[Site "Montreal"]
[Date "2007.12.12"]
[Round "4"]
[White "Cote, Philippe"]
[Black "Robillard, Guillaume"]
[Result "1-0"]
[WhiteElo "1725"]
[BlackElo "1686"]
[PlyCount "47"]
[EventDate "2007.11.21"]
[EventType "swiss"]
[EventRounds "5"]
[EventCountry "CAN"]
[SourceTitle "EXT 2022"]
[Source "ChessBase"]
[SourceDate "2021.10.06"]
[SourceVersion "1"]
[SourceVersionDate "2021.10.06"]
[SourceQuality "1"]

1. e4 c5 2. Nf3 d6 3. d4 cxd4 4. Nxd4 Nf6 5. Nc3 a6 6. Bc4 e6 7. Bb3 Nbd7 8. f4 Qc7 9. f5 Nc5 10. fxe6 fxe6 11. Qf3 Be7 12. Qg3 Bd7 13. 0-0 Rg8 14. Nf5 Nxb3 15. Nxe7 Nxa1 16. Nxg8 Nxg8 17. Qxg7 0-0-0 18. Bg5 Qb6+ 19. Kh1 Re8 20. Rxa1 Qxb2 21. Rb1 Qxc2 22. Rc1 Qd3 23. Nd5+ Kb8 24. Qxd7 1-0

[Event "Montreal Mercredi 11"]
[Site "Montreal"]
[Date "2007.12.05"]
[Round "3"]
[White "Robillard, Guillaume"]
[Black "Forget, Luc"]
[Result "1-0"]
[WhiteElo "1686"]
[BlackElo "1987"]
[PlyCount "55"]
[EventDate "2007.11.21"]
[EventType "swiss"]
[EventRounds "5"]
[EventCountry "CAN"]
[SourceTitle "EXT 2022"]
[Source "ChessBase"]
[SourceDate "2021.10.06"]
[SourceVersion "1"]
[SourceVersionDate "2021.10.06"]
[SourceQuality "1"]

1. e4 e5 2. Nf3 Nc6 3. Bb5 a6 4. Ba4 Nf6 5. 0-0 Be7 6. Qe2 b5 7. Bb3 0-0 8. d3 d6 9. c3 Na5 10. Bc2 c5 11. Rd1 Qc7 12. Nbd2 Rb8 13. Nf1 Bg4 14. h3 Bxf3 15. Qxf3 b4 16. Bg5 Nc6 17. Ne3 Qd8 18. Ba4 Rc8 19. Nf5 Ne8 20. Nxe7+ Nxe7 21. Qg3 a5 22. d4 f6 23. Bxe8 Rxe8 24. Bxf6 g6 25. dxe5 Rf8 26. Rxd6 Qc7 27. Rad1 Rcd8 28. Qh4 1-0

[Event "Montreal Pere Noel op"]
[Site "Montreal"]
[Date "1998.12.31"]
[Round "5"]
[White "Martin, Robert Bryan"]
[Black "Robillard, Guillaume"]
[Result "1-0"]
[WhiteElo "1644"]
[BlackElo "1253"]
[PlyCount "85"]
[EventDate "1998.12.26"]
[EventType "swiss"]
[EventRounds "5"]
[EventCountry "CAN"]
[SourceTitle "EXT 2022"]
[Source "ChessBase"]
[SourceDate "2021.10.06"]
[SourceVersion "1"]
[SourceVersionDate "2021.10.06"]
[SourceQuality "1"]

1. e4 c5 2. b4 cxb4 3. a3 d6 4. Bc4 bxa3 5. Nxa3 Nf6 6. Qe2 Nc6 7. Bb2 e5 8. Nf3 Bg4 9. h3 Bh5 10. g4 Bg6 11. d3 a6 12. h4 h6 13. h5 Bh7 14. g5 Nd7 15. Bxf7+ Kxf7 16. g6+ Kg8 17. Nh4 Qf6 18. gxh7+ Kxh7 19. Ng6 Rg8 20. f4 Ne7 21. f5 Nxg6 22. hxg6+ Kh8 23. Nc4 Rc8 24. Ne3 Be7 25. Nd5 Qg5 26. Bc1 Qg3+ 27. Kd1 Rge8 28. Bxh6 gxh6 29. Rxh6+ Kg8 30. Rh8+ Kg7 31. Rh7+ Kf8 32. Rf7+ Kg8 33. Rxe7 Qg1+ 34. Qe1 Qg4+ 35. Kc1 Rxc2+ 36. Kxc2 Qg2+ 37. Kb1 Rc8 38. Ra2 Qf3 39. Qe2 Qh1+ 40. Kb2 Qc1+ 41. Kb3 Nc5+ 42. Kb4 a5+ 43. Kb5 1-0